000 00840nam a2200241Ii 4500
003 JO-AjNU
008 230605s9999||||xx |||||||||||||| ||und||
017 _a2010/17079
020 _a978-977-495-037-7
040 _aJO-AjNU
_bara
_erda
_cJO-AjNU
041 _aara
050 1 4 _aHF5415.I26.M3328.2011
100 3 _aمحمود،داليا محمد عبدالله,
_eauthor
_934303
245 0 0 _aمقدمة في التسويق المياشر
250 _aط1
264 3 1 _aالقاهرة:دار العالم العربي؛2011
300 _a150ص
_bيحتوي على ببلوغرافية من ص140-150ص
336 _atext
_btxt
_2rdacontent
337 _aunmediated
_bn
_2rdamedia
338 _avolume
_bnc
_2rdacarrier
490 0 _aاتجاهات حديثة في الاعلام
650 4 _aالتسويق المباشر
_934304
999 _aA14048
_c17616
_d17616